00338nam a22001337a 4500003000400000082001800004245004400022260006900066300000900135546001200144650001000156650001700166650002100183OSt a632.7bGOV/AE aAESA based IPM package :bcustard apple aHyderabad bNational Institute of Plant Health Management c2014 a38p. aEnglish aPests aCommon weeds aSafety measures